| 000 -LEADER |
| fixed length control field |
00588nam a2200217Ia 4500 |
| 001 - CONTROL NUMBER |
| control field |
7531 |
| 003 - CONTROL NUMBER IDENTIFIER |
| control field |
GE_BSU |
| 008 - FIXED-LENGTH DATA ELEMENTS--GENERAL INFORMATION |
| fixed length control field |
181216s||||||||xx |||||||||||||| ||und|| |
| 040 ## - CATALOGING SOURCE |
| Transcribing agency |
GE_BSU |
| 080 ## - UNIVERSAL DECIMAL CLASSIFICATION NUMBER |
| Universal Decimal Classification number |
621.8 |
| 100 ## - MAIN ENTRY--PERSONAL NAME |
| Personal name |
Иванов,М.Н. |
| 245 ## - TITLE STATEMENT |
| Title |
Детали машин. |
| 245 ## - TITLE STATEMENT |
| Remainder of title |
Учебник. |
| 245 ## - TITLE STATEMENT |
| Statement of responsibility, etc. |
Ред. А.П.Мартинов и И.И.Фадеев. |
| 260 ## - PUBLICATION, DISTRIBUTION, ETC. |
| Place of publication, distribution, etc. |
М. |
| 260 ## - PUBLICATION, DISTRIBUTION, ETC. |
| Name of publisher, distributor, etc. |
Высшая школа. |
| 260 ## - PUBLICATION, DISTRIBUTION, ETC. |
| Date of publication, distribution, etc. |
1964. |
| 300 ## - PHYSICAL DESCRIPTION |
| Extent |
446стр.с илл.21см.библиогр.:стр.437-438. |
| 653 ## - INDEX TERM--UNCONTROLLED |
| Uncontrolled term |
Детали машин. |
| 942 ## - ADDED ENTRY ELEMENTS (KOHA) |
| Koha item type |
წიგნი |